[Event "Gibraltar Amateurs op-B"]
[Site "Gibraltar"]
[Date "2008.01.30"]
[Round "4"]
[White "Hermes, Geoff R"]
[Black "Coats, John"]
[Result "1-0"]
[WhiteElo "1696"]
[BlackElo "1376"]
[PlyCount "93"]
[EventDate "2008.01.27"]
[EventType "tourn"]
[EventRounds "5"]
[EventCountry "ENG"]
[SourceTitle "EXT 2010"]
[Source "ChessBase"]
[SourceDate "2010.11.25"]
[SourceVersion "1"]
[SourceVersionDate "2010.11.25"]
[SourceQuality "1"]

1. e4 d6 2. d4 g6 3. Nf3 Bg7 4. Nc3 a6 5. h3 b5 6. a3 Bb7 7. Bf4 Nd7 8. Bd3 e5 9. Bg5 Ngf6 10. dxe5 dxe5 11. Qe2 c6 12. Rd1 Qc7 13. 0-0 0-0 14. Qe3 Nh5 15. Be2 Nf4 16. Be7 Rfe8 17. Bd6 Qb6 18. Qxb6 Nxb6 19. b3 Nd7 20. Bc7 Nc5 21. Rfe1 a5 22. Bf1 b4 23. Nb1 Ba6 24. Bxa6 Rxa6 25. g3 Nh5 26. a4 Nf6 27. Nbd2 Nfd7 28. Nc4 Ra7 29. Bxa5 Na6 30. Rd6 c5 31. Red1 Nf6 32. Bb6 Rb7 33. Rd8 Rb8 34. Rxe8+ Rxe8 35. Nfd2 Re7 36. Kf1 Nd7 37. a5 Nxb6 38. axb6 Rb7 39. Nf3 Bf8 40. Nfxe5 Nb8 41. Rd8 Kg7 42. Rc8 Be7 43. Rc7 Rxb6 44. Nxb6 Bd6 45. Rxf7+ Kh6 46. Nbc4 Bxe5 47. Nxe5 1-0

[Event "Gibraltar Amateurs op-A"]
[Site "Gibraltar"]
[Date "2008.01.26"]
[Round "5"]
[White "Bishop, Geoffrey L"]
[Black "Coats, John"]
[Result "0-1"]
[WhiteElo "1664"]
[BlackElo "1376"]
[PlyCount "76"]
[EventDate "2008.01.22"]
[EventType "tourn"]
[EventRounds "5"]
[EventCountry "ENG"]
[SourceTitle "EXT 2010"]
[Source "ChessBase"]
[SourceDate "2010.11.25"]
[SourceVersion "1"]
[SourceVersionDate "2010.11.25"]
[SourceQuality "1"]

1. e4 g6 2. d4 Bg7 3. Nc3 d6 4. f4 e6 5. Nf3 Ne7 6. Bc4 0-0 7. h4 Nd7 8. h5 Nf6 9. hxg6 fxg6 10. Ng5 d5 11. Bb3 c6 12. Be3 h6 13. Nf3 Nh5 14. Qd2 Qd6 15. Ne5 Kh7 16. 0-0-0 b6 17. g4 Ng3 18. Rh3 Nxe4 19. Nxe4 dxe4 20. f5 g5 21. Bxg5 exf5 22. Nf7 Rxf7 23. Bxf7 fxg4 24. Rh5 g3 25. Rdh1 Nf5 26. c3 Bd7 27. Qg2 e3 28. Bb3 Re8 29. Bc2 e2 30. Re1 Qe6 31. Kb1 Qg6 32. Qf3 g2 33. Bd2 g1Q 34. Rxg1 Qxg1+ 35. Bc1 e1Q 36. Bxf5+ Bxf5+ 37. Qxf5+ Kg8 38. Qc2 Re2 0-1

[Event "Gibraltar Amateurs op-A"]
[Site "Gibraltar"]
[Date "2008.01.25"]
[Round "4"]
[White "Coats, John"]
[Black "Hughes, Peter"]
[Result "0-1"]
[WhiteElo "1376"]
[BlackElo "1749"]
[PlyCount "112"]
[EventDate "2008.01.22"]
[EventType "tourn"]
[EventRounds "5"]
[EventCountry "ENG"]
[SourceTitle "EXT 2010"]
[Source "ChessBase"]
[SourceDate "2010.11.25"]
[SourceVersion "1"]
[SourceVersionDate "2010.11.25"]
[SourceQuality "1"]

1. Nf3 c5 2. c4 g6 3. Nc3 Nc6 4. e3 Bg7 5. d4 cxd4 6. exd4 d6 7. Be2 Nf6 8. 0-0 0-0 9. Re1 Bf5 10. d5 Nb8 11. Nd4 Bd7 12. Rb1 a5 13. b4 Na6 14. bxa5 Nc5 15. Ba3 Qxa5 16. Bb4 Qa6 17. a3 Rac8 18. Ndb5 Rfe8 19. Bf3 Bf5 20. Ra1 Nd3 21. Re3 Ne5 22. Be2 Nxc4 23. Bxc4 Rxc4 24. Qe2 Rxb4 25. Nc7 Qxe2 26. Rxe2 Rb3 27. Nxe8 Nxe8 28. Rxe7 Nf6 29. Ne2 Kf8 30. Nd4 Kxe7 31. Nxb3 Nxd5 32. Re1+ Kd7 33. Na5 Bc3 34. Rd1 Bxa5 35. Rxd5 Bd8 36. h3 Be6 37. Rb5 Kc6 38. Rb4 d5 39. a4 Be7 40. Rb2 b6 41. Kf1 Bc5 42. Ke2 Bf5 43. g4 Be6 44. f3 h5 45. Kd3 hxg4 46. hxg4 f5 47. g5 f4 48. Rh2 Bf5+ 49. Kc3 Be3 50. Rh8 d4+ 51. Kc4 d3 52. Rd8 d2 53. Kc3 Kc7 54. Rxd2 Bxd2+ 55. Kxd2 Kc6 56. Kc3 Kc5 0-1